EU Law journal
Salvato in:
| Ente Autore: | |
|---|---|
| Natura: | Periodico |
| Lingua: | russo slovacco inglese |
| Pubblicazione: |
Bratislava
IRIS
|
| Soggetti: | |
| Tags: |
Nessun Tag, puoi essere il primo ad aggiungerne!!
|
MARC
| LEADER | 00000nas1a2200000 4500 | ||
|---|---|---|---|
| 001 | 0211720 | ||
| 005 | 20231127125957.4 | ||
| 022 | |a 2453-7098 | ||
| 041 | 0 | |a rus | |
| 041 | 0 | |a slo | |
| 041 | 0 | |a eng | |
| 044 | |a SK | ||
| 245 | 1 | 0 | |a EU Law journal |
| 264 | 1 | |a Bratislava |b IRIS | |
| 610 | 2 | 0 | |a právo |
| 610 | 2 | 0 | |a Európska únia |
| 610 | 2 | 0 | |a právo európske |
| 710 | 2 | |a Vysoká škola Danubius. Fakulta práva Janka Jesenského | |